|
|
|
|
| LEADER |
00783nam a2200217 a 4500 |
| 001 |
000343266 |
| 003 |
CZ BrMZK |
| 005 |
19980105143423.0 |
| 007 |
ta |
| 008 |
980105s1988 ru f rus d |
| 040 |
|
|
|a BOA001
|b cze
|
| 080 |
|
|
|a 75(47)"19":92 Davitašvili, Džuna
|2 MRF
|
| 080 |
|
|
|a 159.96(47)"19":92 Davitašvili, Džuna
|2 MRF
|
| 100 |
1 |
|
|a Davitašvili, Džuna,
|d 1949-2015
|7 jn20000809003
|4 aut
|
| 245 |
1 |
0 |
|a Slušaju svoi ruki /
|c Džuna Davitašvili
|
| 260 |
|
|
|a Moskva :
|b Fizkul'tura i sport,
|c 1988
|
| 300 |
|
|
|a 190 s.
|
| 910 |
|
|
|a BOA001
|b 2-0944.540
|
| 990 |
|
|
|a BK
|
| 996 |
7 |
|
|b 2619338677
|c 2-0944.540
|l MZK
|r Sklad / do 1 hodiny
|n 0
|w 000343266
|u 000010
|a 1
|e BOA001
|j MZK50
|s A
|
| 996 |
6 |
|
|b 2619338678
|c 2-0944.540
|l MZK
|r Sklad / do 1 hodiny
|n 0
|w 000343266
|u 000020
|a 1
|e BOA001
|j MZK50
|s P
|